Deutsche Songs nach ersten Zeilen 3 - Statistiken

Allgemein
  • Dieses Quiz wurde 1.590 mal gespielt
  • Das Durchschnittsergebnis liegt bei 7 aus 30
Antwortstatistiken
Textquiz Song % Korrekt
Ich ging wie ein Ägypter, hab' mit Tauben geweint War ein Voodookind, wie ein rollender Stein Lieder
75%
Die Nacht ist jung und ich will was erleben, roll' auf der Piste, denn ich muss mich bewegen Monsta
56%
Mein Maserati fährt zweihundertzehn, schwupp, die Polizei hat's nicht gesehen Ich will Spaß
55%
'Ne ganz normale fünfzig Stunden-Woche, heim kommen und erst mal für die Kleinen kochen Wenn sie tanzt
49%
Hoch stand der Sanddorn am Strand von Hiddensee, Micha, mein Micha und alles tat so weh Du hast den Farbfilm vergessen
44%
Wenn wir nachts nach Hause gehen, die Lippen blau vom Rotwein Ich lass für Dich das Licht an
44%
Okay, der Song beginnt und er bekommt ein Thema Holz
41%
Hossa, Hossa, Hossa, Hossa Fiesta Mexicana
37%
Kleidung ist gegen Gott, wir tragen Feigenblatt Schwingen an Lianen über'n Heinrichplatz Hurra die Welt geht unter
32%
Der Applaus ist längst vorbei, und dein Herz schwer wie Blei Wie schön du bist
31%
Also ging ich diese Straße lang, und die Straße führte zu mir Dieser Weg
29%
An der Umgehungsstraße, kurz vor den Mauern unserer Stadt steht eine Nervenklinik wie sie noch keiner gesehen hat Goldener Reiter
27%
Tausend Frauen, doch nicht eine mit Augen wie diese Die Eine
24%
Manchmal geh ich meine Straße ohne Blick, manchmal wünsch ich mir mein Schaukelpferd zurück Über sieben Brücken musst du gehn
20%
Dies ist kein Abschied, denn ich war nie willkommen, will auf und davon und nie wiederkommen Im Ascheregen
14%
Pille, Palle, alle pralle Druff, Druff, Druff, Druff, Druff Verpeilt und verschallert, alle verballert 3 Tage wach
13%
Ich krieg' von dir niemals genug, du bist in jedem Atemzug Out of the Dark
13%
Ich geh' heut Nacht aus, endlich wieder Tanzen gehen Mein Herz
11%
Ich spür' dich in meinen Träumen, ich schließ' dich darin ein und ich werd' immer bei dir sein Für dich
8%
Meine Welt ist gerade zu klein, und deine passt da scheinbar nicht rein An Wunder
7%
Du stehst verlegen an der Bar, hörst diesen Song und dir wird klar... Lass die Musik an
7%
Der Tag fliegt eilig aus der Stadt, sie trinkt sich an den Schatten satt Eisblumen
5%
Ich schrieb dieses Lied für dich und sing es in dein Gesicht, das hast du dir wirklich verdient Heul doch
5%
Die Wüste war heiss, die Berge waren hoch Weil ich dich liebe
5%
Da draußen da tobt doch alles weiter, auch wenn ich heute nicht mehr wär' Das ist dein Leben
4%
Drei-, vier-, fünfmal in einem Monat haben wir uns nachts gesehen Keine Sterne in Athen
4%
Ich mache einen Ritt, denn ich weiß das Land ist weiter Meine Sache
3%
Über die Heide, im ersten morgendlichen Schein, ziehen die Vögel, wo mögen sie wohl morgen sein Federkleid
2%
Oh, es war ein bisschen stressig, doch es ist uns geglückt, haben uns heimlich still und leise auf der Party verdrückt Gib mir noch Zeit
2%
Gut und schlecht, falsch und recht, jedes Ding hat seine Zeit Wenn nicht jetzt, wann dann
2%
Keine übereinstimmenden Quizze gefunden
Verteilung der Resultate
Anzahl Personen mit jedem Resultat
Perzentil nach korrekt beantworteten Fragen
Ihre Resultats-Entwicklung
Sie haben dieses Quiz noch nicht gespielt